Some stylised facts about the exchange rate behaviour of Central European currencies
Vývoj výmenných kurzov v časových radoch. Normálna distribúcia návratnosti výmenných krzov a distribúcia s tučným chvostom (fatter-tailed). Modelovanie heteroskedascitity pohybov stredoeurópskych výmennýjch kurzov. Aplikácia prístupu GARCH. Volatilita pohybov stredoeurópskych výmenných kurzov versus...
Uložené v:
| Hlavný autor: | |
|---|---|
| Médium: | Kapitola |
| Jazyk: | English |
| Predmet: | |
| Tagy: |
Žiadne tagy, Buďte prvý, kto otaguje tento záznam!
|
MARC
| LEADER | 00000naa a2200000 4500 | ||
|---|---|---|---|
| 001 | 0215906 | ||
| 005 | 20231116111122.7 | ||
| 041 | 0 | |a eng | |
| 044 | |a CZ | ||
| 245 | 1 | 0 | |a Some stylised facts about the exchange rate behaviour of Central European currencies |c Jan Vejmělek |
| 520 | |a Vývoj výmenných kurzov v časových radoch. Normálna distribúcia návratnosti výmenných krzov a distribúcia s tučným chvostom (fatter-tailed). Modelovanie heteroskedascitity pohybov stredoeurópskych výmennýjch kurzov. Aplikácia prístupu GARCH. Volatilita pohybov stredoeurópskych výmenných kurzov versus systémy výmenných kurzov. | ||
| 610 | 2 | 0 | |a kurz výmenný |
| 610 | 2 | 0 | |a volatilita |
| 610 | 2 | 0 | |a rady časové |
| 610 | 2 | 0 | |a analýzy |
| 610 | 2 | 0 | |a model GARCH |
| 100 | 1 | |a Vejmělek, Jan | |